• 首页
  • 本馆介绍
  • 公告通知
  • 最新文献
  • 馆藏检索
  • 电子资源
  • 读者导购
  • 参考咨询
  • 我的图书馆
  • 登录
  • 详细信息显示
  • 放入我的书架
  • 预约/预借图书
  • 作者相关作品
  • 分类相关作品
  • 丛书相关作品
  • 出版社相关作品

书目信息

  • 表格格式
  • 工作单格式
  • 卡片格式
题名:
海右名宿
    
 
作者: 仝晖 , 于涓 编著
分册:  
出版信息: 北京   中国建筑工业出版社  2020.12
页数: 208页
开本: 25x26cm
丛书名:
单 册:
中图分类: TU-40 , TU
科图分类:
主题词:
电子资源:
ISBN: 978-7-112-25389-0
000 01444nam0 2200289 450
001 2238856519
005 20220917104818.41
010    @a978-7-112-25389-0@dCNY78.00
092    @aCN@bRt962-2302
100    @a20210310d2020 em y0chiy50 ea
101 0  @achi
102    @aCN@b110000
105    @aa z 000yy
200 1  @a海右名宿@Ahai you ming su@e山东建筑大学建筑城规学院老教授口述史@f仝晖, 于涓编著
210    @a北京@c中国建筑工业出版社@d2020.12
215    @a208页@c图@d25x26cm
330    @a本书尝试用口述历史的方式, 为山东建筑教育界的十五位专业开拓者进行口碑史料的收集与整理, 再现山东建筑学和城市规划专业早期教学工作的情况。在长达一年多的访谈、整理、撰写、影像口述采集的过程中, 形成访谈逐字稿近百万字、采集影音素材数百小时、照片数百张, 将“人”的成长 (生命史) 与专业的建设发展有机结合, 并将两条历史的线性叙事线索, 放置在山东建筑大学 (山东最早开办建筑学和城市规划专业的院校) 构成的历史语境下, 还原时代变迁中老一辈建大人为师、为学、为人的态度, 以及六十年专业发展的艰辛历程。
517 1  @a山东建筑大学建筑城规学院老教授口述史@Ashan dong jian zhu da xue jian zhu cheng gui xue yuan lao jiao shou kou shu shi
601 02 @a山东建筑大学建筑城规学院@Ashan dong jian zhu da xue jian zhu cheng gui xue yuan@x校史
690    @aTU-40@v5
690    @aTU@v4
701  0 @a仝晖@Atong hui@4编著
701  0 @a于涓@Ayu juan@4编著
801  0 @aCN@b人天书店@c20210310
901    @a中国建筑工业出版社
905    @aZUCC@dTU@e24
997    @a期货
    
    海右名宿:山东建筑大学建筑城规学院老教授口述史/仝晖, 于涓编著.-北京:中国建筑工业出版社,2020.12
    208页:图;25x26cm
    
    
    ISBN 978-7-112-25389-0:CNY78.00
    本书尝试用口述历史的方式, 为山东建筑教育界的十五位专业开拓者进行口碑史料的收集与整理, 再现山东建筑学和城市规划专业早期教学工作的情况。在长达一年多的访谈、整理、撰写、影像口述采集的过程中, 形成访谈逐字稿近百万字、采集影音素材数百小时、照片数百张, 将“人”的成长 (生命史) 与专业的建设发展有机结合, 并将两条历史的线性叙事线索, 放置在山东建筑大学 (山东最早开办建筑学和城市规划专业的院校) 构成的历史语境下, 还原时代变迁中老一辈建大人为师、为学、为人的态度, 以及六十年专业发展的艰辛历程。
●
相关链接 在五车中查询图书 在当当中查询图书 在豆瓣中查询图书


正题名:海右名宿     索取号:TU/24         预约/预借

序号 登录号 条形码 馆藏地/架位号 状态 备注
1 2000895606   2000895606   第三书库/ [索取号:TU/24] 在馆    
2 2000895607   2000895607   第三书库/ [索取号:TU/24] 在馆    
3 2000895608   2000895608   第三书库/ [索取号:TU/24] 在馆    
山东省滨州职业学院图书馆 欢迎您!
大连网信软件有限公司© 版权所有